000 00520nam a22001817a 4500
005 20251108172531.0
008 250721s9999 xx 000 0 ara d
082 1 4 _a615.9/شحا
100 1 _aشحاته، عبده السيد
245 1 0 _aأمراض ناتجة عن الغذاء /
264 1 _aالقاهرة :
_bالمكتبة الأكاديية،
300 _a555 ص
650 1 7 _aالتسمم الغذائي
650 1 7 _aالتسميم
650 1 7 _aالأغذية
942 _2ddc
_cBK
999 _c81810
_d81810